=LDR 00000nam 2200000 4500 =001 INLIS000000000011540 =005 20130612103108 =008 ***********************************Ind** =035 ##$$0010-061300000011540 =041 ##$$a Ind =082 ##$$a 350 =090 ##$$a 350, Pan e =100 ##$$a Pamudji, s =245 ##$$a Ekologi administrasi Negara, Prof.Drs.SPamudji,MPA =260 ##$$a [S.A.] $b Jakarta =300 ##$$a 223 hlm., 21 cm =650 ##$$a Administrasi Negara =850 ##$$a NBPNMAT